| 000 | 00868nam a2200277Ia 4500 | ||
|---|---|---|---|
| 003 | OSt | ||
| 005 | 20220928113323.0 | ||
| 006 | a|||||r|||| 00| 0 | ||
| 007 | ta | ||
| 008 | 220927b |||||||| |||| 00| 0 eng d | ||
| 020 | _cUKP 75.00 | ||
| 024 | _a139266 | ||
| 037 |
_b32, 18/01/2019, Classic Book Service _cTextual |
||
| 040 |
_aSDCL _cSDCL _beng |
||
| 041 |
_2eng _aeng |
||
| 082 | _aO-,2J64:g, Q8 | ||
| 100 |
_aLuke Nicholas _9432444 |
||
| 245 | 0 |
_aShakespearean arrivals _b The birth of charater |
|
| 260 |
_aNew York _b Cambridge university press _c2018 |
||
| 300 |
_avi,254p. _ccm. |
||
| 650 |
_a English Literature _9156288 |
||
| 650 |
_a Shakespeare _9432445 |
||
| 650 |
_aShakespeare s tragedies _9432446 |
||
| 942 |
_hO-,2J64:g, Q8 _cTEXL _2CC |
||
| 999 |
_c748994 _d748994 |
||